Bilecik Bilecik Bilecik Bilecik Bilecik

Sosyal bilimlerin mantığı üzerine = (Record no. 18152)

MARC details
000 -BAŞLIK
Sabit Uzunluktaki Kontrol Alanı 01184nam a22003617a 4500
001 - KONTROL NUMARASI
Control Dosyası 0018195
003 - KONTROL NUMARASI KİMLİĞİ
Kontrol Alanı KOHA_MİRAKIL
005 - EN SON İŞLEM TARİHİ ve ZAMANI
Kontrol Alanı 20260207002205.0
007 - FİZİKSEL TANIM SABİT ALAN - GENEL BİLGİ
Sabit uzunluklu kontrol alanı ta
008 - SABİT UZUNLUKTAKİ VERİ ÖGELERİ - GENEL BİLGİ
Sabit Alan 100629b1998 tu |||gr||||#||||0|tur |
020 ## - ISBN - ULUSLARARASI STANDART KİTAP NUMARASI
Isbn 975794260X
040 ## - KATALOGLAMA KAYNAĞI
Özgün Kataloglama Kurumu TR-BiSEU
Kataloglama Dili tur
Çeviri Kurumu TR-BiSEU
Açıklama Kuralları rda
041 0# - DİL KODU
Metin ya da ses kaydının dil kodu tur
044 ## - YAYINLAYAN/ÜRETEN KURULUŞUN ÜLKE KODU
ISO country code tu
050 ## - SINIFLAMA ve YER NUMARASI
Sınıflama Numarası H61
Yer Numarası .H33 1998
100 1# - KİŞİ ADI
Yazar Adı (Kişi adı) Habermas, Jürgen.
240 10 - TEK BİÇİM BAŞLIK
Tekbiçim Başlık <a href="Zur logik der sozialwissenschaften">Zur logik der sozialwissenschaften</a>
Language of a work Türkçe
245 1# - ESER ADI BİLDİRİMİ
Başlık Sosyal bilimlerin mantığı üzerine =
Alt Eseradı vb. Zur logik der sozialwissenschaften/
Sorumluluk Bildirimi Jürgen Habermas ; Jürgen Habermas; çev. Mustafa Tüzel.
264 #1 - ÜRERİM, YAYIN, DAĞITIM ve TELİF BİLDİRİMİ
Yayın yeri İstanbul :
Yayınlayan Kabalcı Yayınları
Yayın tarihi 1998
300 ## - FİZİKSEL TANIMLAMA
Sayfa, Cilt vb. 628 s.
336 ## - İÇERİK TÜRÜ
Content type term metin
Content type code txt
Source rdacontent
337 ## - MEDYA TÜRÜ
Media type term aracısız
Media type code n
Source rdamedia
338 ## - TAŞIYICI TÜRÜ
Carrier type term cilt
Carrier type code nc
Source rdacarrier
490 1# - DİZİ BİLDİRİMİ
Dizi Bildirimi Kabalcı Yayınevi ;
Cilt Numarası 119.
490 1# - DİZİ BİLDİRİMİ
Dizi Bildirimi Felsefe dizisi ;
Cilt Numarası 35.
650 #0 - KONU BAŞLIĞI EK GİRİŞ - KONU TERİMİ
Konusal terim veya coğrafi ad Sosyal bilimler--Metodoloji.
9 (RLIN) 42102
650 #0 - KONU BAŞLIĞI EK GİRİŞ - KONU TERİMİ
Konusal terim veya coğrafi ad Sosyoloji--Felsefe.
9 (RLIN) 19983
650 #0 - KONU BAŞLIĞI EK GİRİŞ - KONU TERİMİ
Konusal terim veya coğrafi ad Social sciences--Methodology.
9 (RLIN) 23126
650 #0 - KONU BAŞLIĞI EK GİRİŞ - KONU TERİMİ
Konusal terim veya coğrafi ad Sociology--Philosophy.
9 (RLIN) 26037
830 1# - SERİ EK GİRİŞİ - TEKBİÇİM ESER ADI
Tekbiçim Başlık Kabalcı Yayınevi ;
Volume number/sequential designation 119.
9 (RLIN) 16011
830 1# - SERİ EK GİRİŞİ - TEKBİÇİM ESER ADI
Tekbiçim Başlık Felsefe dizisi ;
Volume number/sequential designation 35.
9 (RLIN) 7405
942 ## - EK GİRİŞ ÖGELERİ (KOHA)
Source of classification or shelving scheme Library of Congress Classification
Koha item type Book
Holdings
Materyal Türü Kalıcı Konum Mevcut Konum Sınıflandırma Kaynağı Edinim Bilgisi Ana Konular Alt Konular Yer Numarası Demirbaş Numarası Fatura Tarihi Maliyet, Alış Fiyatı Maliyet, Yenileme Fiyatı Geri Çekilme Durumu Kayıp Durumu Hasarlı Durumu Kredi için değil Kayıt Tarih Toplam Ödünçverme Son Görülme Tarihi Son Kontrol Tarihi Genel / Bağış Notu
Book BŞEÜ Gölpazarı MYO Kütüphanesi BŞEÜ Gölpazarı MYO Kütüphanesi Library of Congress Classification Bağış SOSYAL BİLİMLER Sosyal Bilimler (Genel) H61 .H33 1998 0018195 02/02/2026 4.00 4.00         29/06/2010   07/05/2025 07/05/2025 Genel Bağış